Deutsche Formel 1 Fahrer seit 2000 - Statistiken

Allgemein
  • Dieses Quiz wurde 118 mal gespielt
  • Das Durchschnittsergebnis liegt bei 9 aus 13
Antwortstatistiken
Hint Antwort % Korrekt
91-06�12 Michael Schumacher
100%
97-07 Ralf Schumacher
99%
21-22 Mick Schumacher
98%
07-22 Sebastian Vettel
94%
10�20� Nico Hülkenberg
93%
06-16 Nico Rosberg
92%
94-03 Heinz-Harald Frentzen
73%
00-11 Nick Heidfeld
67%
04�12 Timo Glock
61%
07-11�14 Adrian Sutil
58%
16-17 Pascal Wehrlein
55%
07 Markus Winkelhock
29%
14 Andre Lotterer
26%
Keine übereinstimmenden Quizze gefunden
Verteilung der Resultate
Anzahl Personen mit jedem Resultat
Perzentil nach korrekt beantworteten Fragen
Ihre Resultats-Entwicklung
Sie haben dieses Quiz noch nicht gespielt